[Event "New York State Open Championship"]
[Site "New York (USA)"]
[Date "1963.09.01"]
[Round "5"]
[White "Bobby Fischer (USA)"]
[Black "Arthur Bisguier (USA)"]
[Result "1-0"]
[WhiteElo "2760"]
[BlackElo "2440"]
[Annotator "Eric Schiller"]
[Source ""]
[Remark "Tactics"]

1.e4 e5 2.Nf3 Nc6 3.Bc4 {
Fischer chooses the Italian Game, instead of his favorite Spanish Game (3.Bb5).
Most professional players prefer the more subtle Spanish approach, rather than aiming at Black's weak f7-square immediately.}
Nf6 4.Ng5 {
This traditional line of the Italian Game has always been considered
amateurish. It is seen mostly in scholastic games and games by beginners. There
isn't any particular reason for this prejudice. Once in a while a superstar will use the line, usually quite effectively.}
{} d5 {
The approved reation. Black sacrifices a pawn to eliminate the pressure, hoping
either to regain it later or obtain some kind of compensation. The only
alternatives, 4...Bc5 and 4...Nxe5, are both considered dubious, although each has some passionate fans at amateur levels.}
5.exd5 Na5 {
The main line, known as the Polerio Variation, has been around for hundreds of
years. Black doesn't recapture the pawn at d5, because that would lead to a
vicous sacrifice at f7, known as the "Fried Liver Attack". Indeed, that attack
has been known to destroy Black's position on scholastic chess boards all over
the world. Beginners soon learn to put it aside, in favor of this move, or
5...Nd4 or 5...b5 which lead to very exciting complications but are generally considered less reliable.}
6.Bb5+ c6 7.dxc6 bxc6 {
This is the traditional line, though John Watson and I, on our Survive and Beat
Annoying Chess Openings, also recommend 7...Bd7 to players of the Black side.
Substantial analysis of the line seen in this game is also presented in that book.}
8.Be2 {This position is often seen in games between players who are beyond the
beginner stage at chess. It is how Black is supposed to handle the defense,
according to an overwhelming majority of theoreticians. Black is down a pawn,
but can develop quickly. Black also has greater control of the center. Still, White has an extra pawn.}
{} h6 {
Black sensibly kicks out the invading knight. After it retreats, what has
become of White's impressive attacking formation seen in the first few moves?
That's why the Ng5 attack hold less appeal to more experienced players. The
rapid attacks against the uncastled Black king rarely materialize once players have learned to avoid the traps.}
9.Nh3 {!?} {
Larry Evans, writing in Fischer's 60 Memorable Games, says that this move was
"found wanting at the turn of the century, and perhaps best left there. Fischer
was influenced by Steinitz, and borrows the idea. In my view, 9.Nh3 is at least
as good as any of the alternatives, though White can't hope for any substantial advantage out of the opening.}
Bc5 {Black usually plays this or Steinitz's 9...Bd6, which might be best. Bisguier
must have been caught by surprise, the move 9.Nh3 had not been seen in serious
chess in over 70 years! In the same year, Fischer's friend Bernie Zuckerman
played in in a World Student team competition. Capturing the knight disrupts
White's kingside, but it isn't worth giving up the bishop for that knight.}
10.O-O {Fischer follows Steinitz, but remarked later that 9.d3 is superior, and he
backed it up by playing the move a few rounds later vs. Radoicic, a game he also won.}
O-O 11.d3 {White must settle for this unambitous move, because Black owns the d4-square.}
{} Bxh3 ( 11...Nb7 {
is now considered best, though it is unmentioned by Fischer, who said that
while Bisguier's move was an improvement over one of the Steinitz vs. Chigorin
games, 11...Nh7, credited to Gottschall, deserved consideration.} )
12.gxh3 Qd7 {Black's development is almost complete. Bisguier has a}
{pawn in the center. His rooks can "see" each other.} {The knight at a5 is still offsides, but it has a path to the}
{kingside via b7-d6-f5. White has not developed the} {queenside, and his pawn at h3 is weakling which can}
{swept off the board by the enemy queen. Yet the} {position is considered by most authorities to be slightly}
{in White's favor! As we'll see, Black's pieces need a lot} {of time to create serious threats. White can bring the}
{pieces from the queenside to the kingside without} {difficulty. And the half-open g-file can be a pathway for}
{an attack.} 13.Bf3 Qxh3 14.Nd2 Rad8 15.Bg2 {!} {
The bishop is brought to a great position, defending the king while keeping
pressure at c6. The knight can get to f3, and Fischer can bring the bishop to
e3 to counter the influence of the enemy bishop at c5.} {}
Qf5 {The queen should perhaps have retreated to e6, defending c6, so that the knight could find a way back into the game.}
( 15...Qh4 {?} {would have been a serious mistake.} 16.Nf3 Qh5
17.Qe1 {is a double attack against the pawn at e5 and the knight at a5, thanks to the presence of the knight at f3.}
) 16.Qe1 {Fischer later thought that Qf3, heading for a superior endgame, might have been a better choice.}
Rfe8 17.Ne4 Bb6 18.Nxf6+ ( 18.b4 Nb7 19.b5 {would have been sharper, according to Fischer. The point is the threat of Nxf6+ followed by Bxb7, if Black captures at b5.}
Nd5 20.bxc6 Na5 {is suggested by Huebner, who says that Black has
}
{nothing to worry about. Indeed, I'd prefer to be playng} {Black in this positionj.}
) Qxf6 19.Kh1 {} c5 {
Bisguier sensibly tries to geet this knight back into the game. It is true that
the knight is needed for defense, but there are some immediate problems needing
attention. Fischer wants to blast open the f-file with f4. Black could have prevented this.}
( 19...g5 {!} {was the right move. Black would then have achieved full equality.}
20.Qc3 c5 21.Be3 {could have been met by} Nc6 {!} 22.Bxc5 Nd4
{threatening a fork at e2. After} 23.Bxd4 Bxd4 {the queen must go to a3, as otherwise the b-pawn is lost either immediately or after ...Rb8.}
24.Qa3 e4 {creates a double attack against b2, and Black can safely capture the f-pawn if White plays c3.}
) 20.Qc3 {!?} {A triple attack against the enemy knight, c-pawn and
}
{e-pawn. It also sets up a threat, as will be seen on the
}
{next move.
} {The move has been highly praised, and Bobby himself}
{marked it with "!", indicating that it is a good move.} {Huebner presents detailed analysis showing that Black is}
{not at a disadvantage in this position, and could have} {kept the balance by pushing the c-pawsn as a}
{temporary sacrifice.} ( 20.Bd2 {has been thge subject of a great deal of attention.}
{Huebner evaluates the position as even after} Nc6 21.Qe4 Nd4
22.c3 Nf5 23.Rad1 {which seems about right to me. So perhaps Fischer's}
{move was not absolutely best, in an objective sense.} {Part of his success was due to his uncanny ability to set}
{problems for his opponents which they were not able to} {solve. Sitting at home with a powerful computer}
{assistant, it is possible to find errors even in the analysis}
{of one of the greatest players of all time. A small degree}
{of subjectivity is often seen in the writings of the} {greatest players. Their confidence at the board comes}
{from an internal confidence. Sometimes that surfaces in} {writings or public comments. I don't thnk it in any way}
{dminishes the value of their comments.} ) Nc6 {?} {The obvious move, getting the knight back into the}
{game. Fischer points out that g5 would come too late,} {but there was another move which could have been}
{tried, with more chances for success.} ( 20...g5 {doesn't stop}
21.f4 {!} {because} gxf4 22.Bxf4 {exploits the pin against the pawn at e5. If the pawn takes the bishop, then White simply captures the Black queen at f6.}
) ( 20...c4 {!} 21.dxc4 Rc8 {regains the pawn, and Black has better development}
{and a strong initiative.} ) 21.f4 {!} {} Nd4 22.Qc4 {
Black's position is ugly, with a "tall pawn" sitting at b6. Still, the knight
occupies a powerful position and White doesn't have any obvious targets.}
Qg6 23.c3 Nf5 ( 23...Nc2 {isn't mentioned, but Black might be able to maneuver}
{the queen to e2, for example} 24.f5 Qh5 25.Rb1 Qe2 {with the threat of ...Ne3. So White probably has to head}
{for the endgame.} 26.Qe4 Qxe4 27.Bxe4 {Then Black has to sacrifice the c-pawn to get the knight}
{04out.} c4 28.dxc4 Ne3 29.Bxe3 Bxe3 30.Rbd1 Rxd1 31.Rxd1 {with an extra pawn for White. The queenside pawn mass}
{should prove decisive, though the bishops of opposite} {color will give Black chances for a draw.}
) ( 23...Ne2 24.f5 Qf6 25.Be4 {is "tremendous", according to Fischer. I'm not at all}
{convinced.} Qh4 {sets up the threat of ...Ng3+, forking king, rook and}
{bishop. Whie's bishop at e4 is pinned to the queen.} {Looks about even to me.}
) 24.fxe5 Rxe5 25.Bf4 Re2 ( 25...Ne3 26.Bxe3 Rxe3 {
would have been even, but Bisguier aims to take a full point from his young
opponent. His position allows such optimistic play, provided tht he doesn't get too greedy.}
) 26.Be4 {} Rxb2 {?} {
This is simply a blunder, which costs Bisguier the game. He failed to recognize
the precarious position of the knight at f5, which is pinned to the queen.}
( 26...Re8 27.Bf3 Rxb2 {
was the accurate plan. White has some compensation for the pawn in the bishop
pair, especially since the bishop at g6 is useless.} ) 27.Be5
{!} {Bisguier reacted bisibly to this move, which he had clearly overlooked.
Resignation would be appropriate here, but Bisguier let the public see the point before giving up.}
Re8 28.Rxf5 Rxe5 29.Rxe5 {Black resigend. The queen is attacked and if it runs away, then White has a back rank checkmate at e8.}
{} {  } 1-0

[Event "Olympiad"]
[Site "Leipzig (Germany)"]
[Date "1960.11.03"]
[Round "7"]
[White "Bobby Fischer (USA)"]
[Black "Max Euwe (NED)"]
[Result "1-0"]
[WhiteElo "2760"]
[BlackElo "2670"]
[Annotator ""]
[Source ""]
[Remark "Endgame"]

1.e4 c6 2.d4 d5 3.exd5 cxd5 4.c4 Nf6 5.Nc3 Nc6 6.Nf3 {The Panov Attack is one of White's most popular}
{strategies against the Caro-Kann Defense., White} {develops quickly and enjoys  a small advantage in}
{space. It may be necessary to accept an isolated pawn,} {but isolated pawns are no longer considered a}
{disadvantage if the pawn is a well-supported d-pawn.} {}
Bg4 {This is Black's most aggressive plan. It leads to} {endgame positions with a shattered White kingside, but}
{White gets the bishop poair.} 7.cxd5 Nxd5 8.Qb3 {White attacks the light squares left vulnerable by the}
{departure of the bishop for the kingside. Black} {responds by capturing the knight and inflcting serious}
{damage on the kingside.o} Bxf3 9.gxf3 e6 {This well known temporary sacrifice of the b-pawn has}
{long been
} {the main line of the Endgame Variation of the Panov.}
10.Qxb7 Nxd4 11.Bb5+ Nxb5 12.Qc6+ {White throws in this check to inconvenience the Black}
{king before capturing the knight.} Ke7 13.Qxb5 {This position has been reached almost 500 times, and it}
{is now established that Black should play 13...Qd7 right} {away. The exchange of knights, seen in this game, lost}
{a lot of popularity as a result of this game.} {} Nxc3
14.bxc3 Qd7 15.Rb1 {!} {This was Bobby's prepared new move,  and ever since
}
{this game Black has had a terrible time in the variation.} {The open b-file will play an important role all the way to}
{the end of the game.} Rd8 {?} {Although this is a somewhat obvous try, threatening}
{checkmate at d1, it does not begin to solvve Black's} {problems. Objectively, Black should try 15...Rc8,}
{targeting the weak pawn at c3.} 16.Be3 Qxb5 17.Rxb5 Rd7 {We have reached an endgame where, despite White's}
{shattered pawn structure, the passed c-pawn and more} {active pieces give White a serious advantage. White can}
{pick off the a-pawn whenever he wants to.} {} 18.Ke2 {!}
{Bobby activates the other rook.} f6 19.Rd1 {!} {Black's only active rook is invited to leave the game,
}
{but there isn't an acceptable alternative for Black.} Rxd1 20.Kxd1
Kd7 21.Rb8 {Threatening to exploit the pin with Bc5, so Black's reply}
{is pretty much forced.} Kc6 22.Bxa7 g5 23.a4 Bg7 {} 24.Rb6+
{!} {Bobby correctly declines the invitation to exchange} {rooks. Then the win would be trickly, despite the}
{passed pawns, because the bishop is of the "wrong} {color". It can't chase a king from a8 or c8.}
( 24.Rxh8 Bxh8 25.Bd4 e5 26.Be3 Bg7 {isn't easy, for example}
27.Kc2 Bf8 28.Kb3 Bd6 29.a5 e4 {!} 30.fxe4 Bxh2 31.a6 h5 32.a7
Kb7 {is more likely to be won by Black, than White!} ) Kd5 25.Rb7
Bf8 {Black just can't get the rook into the game.} 26.Rb8 Bg7
27.Rb5+ Kc6 28.Rb6+ Kd5 29.a5 {Fischer has cut the enemy king off on the 6th rank and}
{threatens simply Bb8 and a6-a7-a8.} f5 30.Bb8 Rc8 31.a6 {The weak pawn at c3 is no longer significant.}
Rxc3 32.Rb5+ {} Kc4 ( 32...Kc6 {was suggested by Reuben Fine, who showed it to Bobby}
{after the game.} 33.Ra5 Bd4 {was the idea, and Bobby reacted with}
34.Be5 {?} {where Fine revealed the stunner} ( 34.a7 Bxa7 35.Rxa7
Rxf3 36.Rxh7 Rxf2 {holds no winning chances for White.} ) Rc5
{!} {where the game should be drawn, though it is White} {facing the uphill battle. Fischer looked at the position}
{again, and determined that 34.Ke2 would win.} ) 33.Rb7 {!} Bd4
34.Rc7+ {After the rooks come off, the endgame is an easy win}
{for White.} Kd3 35.Rxc3+ Kxc3 36.Be5 {Black resigned. The pawn will get to a7 and then}
{promote at a8. The bishop at d5 is pinned, and the} {capture of White's bishop at e5 wouldn't make any}
{difference.} {} { } 1-0